Translate Countries from English to Bengali - Statistics

General Stats
  • This quiz has been taken 3 times
  • The average score is 7 of 18
Answer Stats
English Bengali % Correct
India Bharata
100%
Argentina Arjentina
50%
Bangladesh Banladesa
50%
Brazil Brajila
50%
China Cina
50%
Italy Itali
50%
Canada Kanada
50%
Peru Peru
50%
Russia Rasiya
50%
Spain Spena
50%
United Kingdom Yuktarajya
50%
United States Yuktarastra
50%
Australia Astreliya
0%
Nigeria Na'ijeriya
0%
New Zealand Ni'ujilyanda
0%
Philippines Philipa'ina
0%
France Phransa
0%
Saudi Arabia Saudi Araba
0%
No matching quizzes found
Score Distribution
Percent of People with Each Score
Percentile by Number Answered
Your Score History
You have not taken this quiz